| 000 | 00985nam a22002415a 4500 | ||
|---|---|---|---|
| 003 | OSt | ||
| 005 | 20180304145042.0 | ||
| 008 | 180304s1953 ua grb 001 0 ara d | ||
| 040 |
_aEG-ScBUE _bara _cEG-ScBUE |
||
| 082 | 0 | 4 |
_a297.24 _bح س ن _222 |
| 100 | 1 | _aحسن، سعد محمد. | |
| 245 | 1 | 2 |
_aالمهدية في الإسلام : _bمنذ أقدم العصور حتى اليوم : دراسة وافية لتاريخها العقدي والسياسي والأدبي / _cتأليف سعد محمد حسن. |
| 250 | _aط. 1. | ||
| 260 |
_aالقاهؤة : _bجماعة الأزهر للتأليف والترجمة والنشر، _c1953. |
||
| 300 |
_a304 ص. ؛ _c24 سم. |
||
| 500 | _aيشتمل على كشاف. | ||
| 504 | _aيشتمل على إرجاعات ببليوجرافية. | ||
| 650 | 7 |
_aالإمامة عند الشيعة. _2BUEsh _922031 |
|
| 650 | 7 |
_aالمهدية (طرق صوفية). _2BUEsh |
|
| 651 | _2BUEsh | ||
| 653 |
_bGGEN _cMarch2018 |
||
| 942 | _2ddc | ||
| 999 |
_c26225 _d26197 |
||